00999cam a2200265 a 450000500170000000800410001702000160005802000180007404000630009204100080015504400080016308200180017124500510018924600330024024600220027326000500029530000530034550400540039863000110045263000460046365000430050965000730055265000860062571000220071120170512151525.0090513s2007 txua b 001 0 eng d a1597180343  a9781597180344 aMYGcMYGdMYGdZCUdNLGGCdMUQdDRBdYDXCPdDLCdCO-BoIAVH0 aeng axxu04a005.55bS79a600aStata graphics reference manual :brelease 10.14aStata release 10 :bgraphics18aStata 10 graphics aCollege Station, Tex. :bStata Press,cc2007. avi, 618 páginas :bilustraciones ;c24 x19 cm. aIncluye referencias bibliográficas e índices. 0aStata.26aStata (Software)vGuías, manuales, etc.26aEstadísticasxProgramas de ordenador26aEstadísticasxMétodos de gráficaciónxProgramas de ordenador26aCiencias socialesxEstadísticaxProgramas de ordenadorvGuías, manuales, etc.2 aStata Corporation